000 00640cam a22002052 4500
001 0000023638
005 20151217154504.0
008 130313s xx 000 0 eng d
020 _a0335206530 :
040 _aKABU
_cKABU
100 1 _aKemshall, Hazel.
_@0000183221
245 1 0 _aUnderstanding risk in criminal justice /
_cHazel Kemshall.
250 _a1st ed.
260 _aMaidenhead :
_bOpen University Press,
_c2003.
300 _axi, 191 p.
650 0 _aCriminal justice, Administration of
_zGreat Britain.
_@0000183220
852 1 _9p2490 KES
908 _a130313
950 _@1
999 _c11469
_d11469